000 01056pab a2200181 454500
008 180718b2003 xxu||||| |||| 00| 0 eng d
100 _aMukhopadhyay, Lipi
245 _aTribal issues in new economic order
260 _c2003
300 _ap.212-221.
362 _aApr-Jun
520 _aThe developmental Schemes for tribals have caused several disadvantages, mainly displacement and loss of land. Even the land alienation has kept these groups away from opportunity for education, health and employment. The tribals have become dependent on the wages, working as agricultural, mining or factory labourers. This article suggests that efforts should be made for tribal development in the very areas of their habitat by leaving local resources to the community. The strengthening of institutions of local self-government can keep the deprived sections cushioned from the operation of market forces. - Reproduced.
650 _aTribes - India
650 _aTribes
773 _aIndian Journal of Public Administration
908 _aN
909 _a57930
999 _c57930
_d57930